|
|
|
|
| LEADER |
00000cam a2200000 7i4500 |
| 001 |
0000002687 |
| 005 |
20031030.0 |
| 020 |
0 |
0 |
|a 9676114715
|
| 090 |
0 |
0 |
|a 338.04
|b AAY 2003
|
| 100 |
0 |
0 |
|a Ab. Aziz Yusof
|
| 245 |
1 |
0 |
|a Komunikasi untuk pengurus
|c Ab. Aziz Yusof
|
| 260 |
0 |
0 |
|a Kuala Lumpur :
|b Utusan Pub. ,
|c 2003
|
| 300 |
|
|
|a xv, 305 p. :
|b ill. ;
|c 22 cm.
|
| 440 |
0 |
0 |
|a Siri pengurusan dan pentadbiran Utusan
|
| 500 |
0 |
0 |
|a Bibliography: p. 300-303
|
| 650 |
0 |
0 |
|a Communication
|x Management
|
| 650 |
0 |
0 |
|a Organizational effectiveness
|
| 998 |
|
|
|a JPSM
|
| 999 |
|
|
|a 0000004725
|b Monograph
|c Open Shelf
|e Default branch
|